Fundamentals of structural analysis

Gespeichert in:
Bibliographische Detailangaben
1. Verfasser: West, Harry H.
Format: Buch
Sprache:Undetermined
Veröffentlicht: John Wiley & Sons, Inc 2002
Schlagworte:
Tags: Tag hinzufügen
Keine Tags, Fügen Sie den ersten Tag hinzu!
Thư viện lưu trữ: Trung tâm Học liệu Trường Đại học Cần Thơ
LEADER 00499nam a2200169Ia 4500
001 CTU_122340
008 210402s9999 xx 000 0 und d
082 |a 624.171 
082 |b W516 
100 |a West, Harry H. 
245 0 |a Fundamentals of structural analysis 
245 0 |c Harry H. West, Louris F. Geschwinder 
260 |b John Wiley & Sons, Inc 
260 |c 2002 
650 |a Structural analysis (Engineering) 
904 |i M.Loan 
980 |a Trung tâm Học liệu Trường Đại học Cần Thơ